000 00241nam a2200097Ia 4500
008 190216s9999||||xx |||||||||||||| ||und||
100 _aChandrasekharan Nair C K
245 0 _aJamithiya Varapp
260 _bKerala Bhasha Institute
942 _cBK
999 _c37587
_d37587